MARC
| LEADER | 00000cam a2200000 7i4500 | ||
|---|---|---|---|
| 001 | 0000002913 | ||
| 002 | 000003152 | ||
| 005 | 20000330.0 | ||
| 020 | |a 9676524638 | ||
| 090 | 0 | 0 | |a 390.09595 |b TAN |
| 100 | 0 | |a Tan Chee-Beng | |
| 245 | 1 | 0 | |a Chinese Peranakan heritage in Malaysia and Singapore |c Tan Chee-Beng |
| 260 | |a Kuala Lumpur : |b Penerbit Fajar Bakti Sdn.Bhd. , |c 1993 | ||
| 300 | |a 78p. : |b ill ; |c 23cm. | ||
| 650 | 0 | 0 | |a Chinese |z Malaysia |x History |
| 650 | 0 | 0 | |a Chinese |z Singapore |x History |
| 999 | |a 036475 |b BUKU |c MALAYSIANA |e PERPUSTAKAAN KOMUNITI PETALING JAYA | ||